01289nam a2200361 u 450000100100000000500170001000800410002702000150006802000180008304100080010104300120010908200210012110000210014224502340016325000120039726000430040930000180045249000250047050000210049550000380051650000870055465000390064165000210068065000270070165000240072865000220075265000170077470000240079170000320081570000360084770000290088399900150091200004325020200120222414.0110121s1991 cau r 000 0 spa d a9501510891 a97884263928240 aspa as-ag---04a782.12bP82m2211 aPuccini, Giacomo10aMadama Butterfly :bLibreto (Italiano-Español) /cGiacomo Puccini ; introducción y comentarios de Kurt Pahlen; colaboración de Rosemarie König; traducción: María Antonieta Gregor; revisión musical: Walter Rosenberg. a1a. ed. aBuenos Aires :bJavier Vergara,c1991. a303 p. :bil. 0aLa opera en el mundo aIncluye índice aTitulo original: Madama Butterfly aEjemplar 1 de Biblioparque Marqués de San Jorge corresponde a programa JECI 201517aÓperasxArgumentos, tramas, etc.27aÓperaszItalia27aLibretos para óperas27aMúsicos italianos27aMúsica italiana27aCompositores1 aPahlen, Kurt,eint.1 aKönig, Rosemarie,ecolab.1 aGregor, María Antonieta,etr.1 aRosenberg, Walter,erev. c2658d2658